Państwa nad oceanem spokojnym - Statystyki

Ogólne statystyki
  • Ten quiz został rozwiązany 53 razy
  • Średni wynik to 36 z 42
Statystyki odpowiedzi
Państwa % Poprawnych
Australia
98%
Chiny
98%
Japonia
98%
Nowa Zelandia
98%
Rosja
98%
Stany Zjednoczone
98%
Indonezja
95%
Wietnam
93%
Korea Północna
91%
Korea Południowa
91%
Kostaryka
91%
Meksyk
91%
Chile
89%
Kanada
89%
Malezja
89%
Panama
89%
Tajlandia
89%
Ekwador
86%
Fidżi
86%
Filipiny
86%
Gwatemala
86%
Papua-Nowa Gwinea
86%
Singapur
86%
Vanuatu
86%
Kiribati
84%
Peru
84%
Salwador
84%
Samoa
84%
Kolumbia
82%
Nauru
82%
Kambodża
80%
Timor Wschodni
80%
Tonga
80%
Wyspy Salomona
80%
Nikaragua
77%
Palau
77%
Tuvalu
77%
Wyspy Marshalla
77%
Honduras
75%
Tajwan
75%
Brunei
70%
Mikronezja
68%
Nie znaleziono quizów pasujących do podanych kryteriów
Rozkład punktacji
Procent ludzi z każdym wynikiem
Percentyl według liczby udzielonych odpowiedzi
Twoja historia wyników
Nie rozwiązałeś tego quizu